Language Quiz

Random Language or Letter Quiz

2 Steps from Orange Quiz Stats

Quiz Updated Sep 10, 2014

Challenge
Share
Tweet
Embed
Score 0/10 Timer 02:00
1 Play Today
Clue Answer % Correct
Coins in your pocketchange
98.1%
A person through whom deities can speakoracle
90.4%
Style of 1990s music that originated around Seattlegrunge
90.1%
Country that's home to Tours and NancyFrance
89.3%
Shrink back in fearcringe
88.8%
The edge of a blanket or a Joshua Jackson TV showfringe
88.7%
The middle size at Starbucksgrande
87.8%
A sleeplike state or dazetrance
83.4%
Strut about spiritedlyprance
81.1%
A rib or rim added for strength or to guide an objectflange
55.3%

You're not logged in!

Compare scores with friends on all Sporcle quizzes.
Sign Up with Email
OR
Log In

You Might Also Like...

Show Comments

Extras

Top Quizzes Today


Score Distribution

Your Account Isn't Verified!

In order to create a playlist on Sporcle, you need to verify the email address you used during registration. Go to your Sporcle Settings to finish the process.